书目信息 |
| 书名: | American education | |
| 作者: | Richard G. Durnin. | |
| 分册号: | ||
| 分册名: | 出版地: | Detroit, Mich. : |
|
| 出版社: | Gale Research Co | |
| 出版时间: | c1982. | |
| 页数: | xv, 247 p. ; | |
| 开本: | 23 cm. | |
| 丛书名: | Gale information guide library | |
| 中图分类号: | ||
| 科图分类号: | ||
| 其他分类号: | G516 | |
| 主题词: | ||
| 电子资源: | ||
| 000 | 00791cam 2200241 a 4500 | |
| 001 | E0735303632 | |
| 005 | 20070207094920.09 | |
| 008 | 030401s1982 miu b 001 0 eng | |
| 010 | @a 82015387 //r84 | |
| 020 | @a0810312654. | |
| 040 | @aDLC@cDLC | |
| 043 | @an-us--- | |
| 050 | 00 | @aZ5815.U5@bD87 1982@aLA210 |
| 090 | @aG516 | |
| 099 | @dG516@ex1 | |
| 100 | 1 | @aDurnin, Richard G. |
| 245 | 10 | @aAmerican education :@ba guide to information sources / @cRichard G. Durnin. |
| 260 | @aDetroit, Mich. :@bGale Research Co.,@cc1982. | |
| 300 | @axv, 247 p. ;@c23 cm. | |
| 440 | 0 | @aGale information guide library.@pAmerican studies information guide series ;@vv. 14 |
| 500 | @aIncludes index. | |
| 650 | 0 | @aEducation@zUnited States@xBibliography. |
| 920 | @a232010@z2 | |
| American education : : a guide to information sources / / Richard G. Durnin.-Detroit, Mich. : : Gale Research Co., , c1982. |
| xv, 247 p. ; ; 23 cm.- (Gale information guide library. American studies information guide series ; v. 14 ) |
| Includes index. |
| ISBN 0810312654. |
| ● |
| 相关链接 |
|
|
|
|
正题名:American education
索取号:G516/x1
 
预约/预借
| 序号 | 登录号 | 条形码 | 馆藏地/架位号 | 状态 | 备注 |
| 1 | 180778 | 001172484 | 第四借阅区/ [索取号:G516/x1] | 在馆 | |
| 2 | 180779 | 001172509 | 第四借阅区/ [索取号:G516/x1] | 在馆 | |
| 3 | 180780 | 001172457 | 第四借阅区/ [索取号:G516/x1] | 在馆 |